| 000 | 00409 a2200157 4500 | ||
|---|---|---|---|
| 005 | 20250628054023.0 | ||
| 020 | _a13: 978-1-133-60850-9 | ||
| 082 | _a100 FEI. | ||
| 100 | _aFEINBERG, J. | ||
| 245 | _aReason And Responsibility, | ||
| 250 | _a15th Ed. | ||
| 260 |
_aNew York, _bClark Baxter, _c2006. |
||
| 300 |
_axvii.; 681p.; Ill.; picture, _bGlossary, _c25cm. |
||
| 700 | _aLandau, S. R. | ||
| 942 |
_2ddc _cBKS |
||
| 999 |
_c5800 _d5800 |
||